000 00627nam a2200193 i 4500
001 26720
003 ES-MaACL
005 20250724063405.0
007 t|
008 030110s1979 sp ||||1| spa d
100 0 _aJuana Inés de la Cruz,
_cSor,
_d1651-1695
_967141
245 1 0 _aObras escogidas /
_cSor Juana Inés de la Cruz ; obras escogidas, selección, prólogo y notas de Juan Carlos Merlo.
250 _a[2ª ed.].
260 _a[Barcelona] :
_bBruguera,
_c[1979]
300 _a554 p. ;
_c18 cm.
700 1 _aMerlo, Juan Carlos.
_980582
852 _aES-MaACL
_jA-9679
_bR.99066
999 _c26720
_d26720